TV's Favorite Potato Chip! Quiz Stats

 Plays Quiz Updated Aug 18, 2015

Also try: Games In TV Shows
Challenge
Share
Tweet
Score 0/26 Timer 08:00
0 Plays Today
% Correct
Orange Is The New Black
89.8%
It's Always Sunny in Philadelphia
80.7%
2 Broke Girls
72.7%
New Girl
61.7%
Grey's Anatomy
61.7%
The Middle
52.2%
Brooklyn Nine-Nine
46.9%
The New Adventures of Old Christine
46%
Community
44.8%
Criminal Minds
38.6%
Sons of Anarchy
37.5%
Ugly Betty
30.3%
Arrested Development
25.7%
% Correct
Gilmore Girls
22.2%
Everybody Hates Chris
21.6%
Dads
16.7%
The Vampire Diaries
16.6%
Awkward
11.6%
The Crazy Ones
11.5%
Switched At Birth
10.5%
Touch
9.7%
The Last Man On Earth
8.7%
Melissa & Joey
7.8%
Dollhouse
7.6%
Parenthood
2.8%
See Dad Run
1.7%

You're not logged in!

Compare scores with friends on all Sporcle quizzes.
OR
Log In

You Might Also Like...

Show Comments

Extras

Top Quizzes Today


Score Distribution

Your Account Isn't Verified!

In order to create a playlist on Sporcle, you need to verify the email address you used during registration. Go to your Sporcle Settings to finish the process.

Report this User

Report this user for behavior that violates our Community Guidelines.

Details: